000 01812nam a2200529 i 4500
001 15013
003 KOSZ 005
005 20240405063021.0
008 120521s1972 pl a e 000 0 pol
015 _aPB 1972/10843
035 _a991034884999705066
035 _a(PL-WaBN)b19385754-48omnis_nlop
035 _ab19385754
035 _a(OCoLC)803845984
035 _a(PL)b0000001938575
035 _a(EXLNZ-48OMNIS_NETWORK)9910322187105606
040 _aWA N
_cWA N
_dKOSZ 005/KK
_dKOSZ 005/RW
045 _bd1892
_bd1948
046 _k1972
080 _a94(438)
080 _a323.2(438)
080 _a329(438)
100 1 _aKozłowski, Czesław
_d(1927-1997)
_eAutor
245 1 0 _aHistoria polskiego ruchu robotniczego :
_bwybrane problemy /
_cCzesław Kozłowski.
260 _aWarszawa :
_b"Książka i Wiedza",
_c1972.
300 _a299, [4] stron, [20] stron tablic :
_bilustracje ;
_c19 cm.
336 _aTekst
_btxt
_2rdacontent
337 _aBez urządzenia pośredniczącego
_bn
_2rdamedia
338 _aWolumin
_bnc
_2rdacarrier
380 _aKsiążki
380 _aPublikacje naukowe
388 _a1901-2000
610 2 7 _aKomunistyczna Partia Polski
_2DBN
610 2 7 _aPolska Partia Socjalistyczna (1892-1948)
_2DBN
648 7 _a1801-1900
648 7 _a1901-2000
650 7 _aRobotnicy
_2DBN
650 7 _aPartie polityczne
650 7 _aPolityka
651 7 _aPolska
658 _aHistoria
658 _aPolityka, politologia, administracja publiczna
710 2 _aSpółdzielnia Wydawniczo-Handlowa "Książka i Wiedza"
_4pbl
856 _uhttp://koha.tu.koszalin.pl/cgi-bin/koha/opac-detail.pl?biblionumber=15013
_yKatalog online BPK
942 _2UKD
_cKS
999 _c15013
_d15013